00762nam a2200217Ia 45000030006000000050017000060080041000230200018000640400009000820410012000910820021001031000021001242450081001452600039002263000008002655050050002736500081003239420007004049990017004119520116004280Nust20170105110246.0161124s9999 xx 000 0 und d a0-19-512394-8 cIGIS aEnglish a388.028/521bMIL aMiller .Harvey J aGeographic Information Systems for Transportation Principles and Aplications aUSAbOxford University Pressc2001 a458 aGIS Transportation Principles and Aplications aGeographic Information Systems for Transportation Principles and Aplications cBK c30414d30414 001040708TextaIGISbIGISd0000-00-00eP: Pak Americanl0o388.028/521MILpIGIS3r2017-01-05w0000-00-00yBK